Underground Nu Metal Quiz - Statistics

General Stats
  • This quiz has been taken 33 times
  • The average score is 8 of 15
Answer Stats
Album Band % Correct
¿Pimp? Clown
77%
Stitches Brik
73%
Keep The Flow Folder
73%
Tinybears Gazzoleen
73%
My Disease Left
64%
Love Lies Bleeding 616 Undone
59%
...My Sombre Existence... Nervepitch
59%
Groove Bus Monkeynut
55%
Wipe Your Eyes Shortie
55%
Perfect 10 Deadly Medley
50%
Chasing Roadrunner Buny
45%
Techniques Halfgain
45%
Ill Children Spyndakit
45%
The Pattern Of Self Design Kilkus
32%
...It Starts With One Siop
32%
No matching quizzes found
Score Distribution
Percent of People with Each Score
Percentile by Number Answered
Your Score History
You have not taken this quiz